01018cam a2200325 i 45000010008000000030009000080050017000170070008000340080040000420150006000820170009000880200015000970350006001120400025001180800006001431000024001492450124001732500012002972600041003093000027003504900019003777000054003967000026004508300019004769420012004959450027005079520116005349560025006509990017006750000874DO-SdBNP20180215110606.00000874100514s 1983 sp a | |||| 000 f spa  a  a b  a8431025069 a  aBPMSUbspacBPMSUe  a  aSotillos, Eugenio 13aLa cabaña del tío Tom /h cHarriet Beecher Stowe ; adaptación Eugenio Sotillos ; ilustraciones María Pascual  a2a. ed. aBarcelona, España :bToray,c1983. a[90] p.: bil.c26 cm.1 aJovencitasv1012aStowe, Harriet BeechertLa cabaña del Tío Tom12aPascual, Maríaeil. 0aJovencitasn10 2ddccBK aInventariado, 2017/MFF 00102ddc40708CJ-GaBPMETbBPMETd2016-12-06eDonado por Fundil0pBPMSU16120132r2016-12-06w2016-12-06yBK aYLOCKWARD810cBPMSU c12287d12287